000 01125nam a2200313 i 4500
001 000027901
003 DO-SdBNP
005 20240513144747.0
007 ta
008 110405d1980 dr ac 000 0 spa d
040 _aDO-SdBNP
_bspa
_cBNPHU
_erda
049 _aBNPD
082 4 _a972.93054
_bY91c
_222
100 1 _aYsalguez, Hugo A.,
_d1949-
_954971
_eautor
245 1 3 _aEl 14 de Junio :
_bla raza inmortal /
_cHugo A. Ysalguez.
264 _aSanto Domingo :
_bImpresora Corporán,
_c1980.
300 _a142 páginas :
_bilustraciones, retratos ;
_c22 cm.
336 _2rdacontent
_atexto
_btxt
337 _2rdamedia
_asin mediación
_bn
338 _2rdacarrier
_avolumen
_bnc
500 _aInvasión de Constanza, Maimón y Estero Hondo.
590 _aInventariado, 2024/BT
610 2 4 _aMovimiento Revolucionario 14 de junio (República Dominicana)
_91373
650 4 _aActividades clandestinas
_91375
650 4 _aMovimientos revolucionarios
_91376
651 4 _aRepública Dominicana
_xPolítica y gobierno
_yEra de Trujillo, 1930-1961
_91374
910 _aValidado. Control de calidad. MFF
942 _2ddc
_cLBS1
999 _c27393
_d27393